[Event "?"]
[Site "?"]
[Date "????.??.??"]
[Round "?"]
[White "Nautsch, W."]
[Black "Chernikov, O."]
[Result "0-1"]
[WhiteElo "2297"]
[BlackElo "2411"]
[PlyCount "128"]

1. d4 Nf6 2. c4 c6 3. Nc3 Qa5 4. Qc2 e5 5. dxe5 Qxe5 6. Nf3 Qe6 7. e4 Bb4 8.
Bd3 O-O 9. O-O Bxc3 10. bxc3 d6 11. Ba3 c5 12. Ng5 Qg4 13. f4 Qh5 14. Rae1 h6
15. Nf3 Nc6 16. e5 dxe5 17. Nxe5 Ng4 18. Nxg4 Qxg4 19. Bxc5 Rd8 20. Re3 Be6 21.
Rg3 Qh4 22. Qf2 Qf6 23. f5 Rxd3 24. Rxd3 Bxc4 25. Rd6 Qxc3 26. Re1 f6 27. a3
Bf7 28. h3 Re8 29. Rdd1 b6 30. Bd6 Qb3 31. Qg3 Qb5 32. Qf4 Kh7 33. Re3 Rd8 34.
Rde1 Qd5 35. Bb4 Ne5 36. Rc1 Nd3 37. Rxd3 Qxd3 38. Rc7 Rd7 39. Kh2 a5 40. Bf8
Kg8 41. Rxd7 Qxd7 42. Bd6 Qc6 43. Qd2 Bd5 44. Bf4 Be4 45. g4 Qc5 46. Qe3 Qc2+
47. Kg3 b5 48. Bd6 Qb1 49. Qc3 Qg1+ 50. Kh4 Bxf5 51. Qc5 Qxc5 52. Bxc5 Bd3 53.
Kg3 Kf7 54. Kf4 g5+ 55. Kg3 Kg6 56. h4 Be2 57. Bf8 Bd1 58. Bc5 gxh4+ 59. Kxh4
f5 60. gxf5+ Kxf5 61. Bb6 b4 62. axb4 axb4 63. Bd4 Ke4 64. Ba7 h5 0-1

[Event "?"]
[Site "?"]
[Date "????.??.??"]
[Round "?"]
[White "Arkhangelsky, B."]
[Black "Krueger, E."]
[Result "1-0"]
[WhiteElo "2384"]
[BlackElo "2210"]
[PlyCount "93"]

1. d4 Nf6 2. c4 g6 3. Nc3 Bg7 4. e4 d6 5. Be2 O-O 6. Nf3 e5 7. O-O Na6 8. Be3
Ng4 9. Bg5 Qe8 10. h3 h6 11. Bh4 Nf6 12. dxe5 dxe5 13. Qc2 Nh5 14. Nh2 Nf4 15.
Bg4 f5 16. Bf3 Ne6 17. exf5 Nd4 18. Qd1 Nxf5 19. Bd5+ Kh7 20. Nf3 c6 21. Be4
Nc5 22. Re1 Nxh4 23. Nxh4 Nxe4 24. Nxe4 Be6 25. Qe2 Qf7 26. Rac1 Rad8 27. Nf3
Qf4 28. Rc3 Rfe8 29. a3 a5 30. Re3 Kg8 31. b3 g5 32. Nc5 Bc8 33. Nd3 Qf8 34.
Ndxe5 Qxa3 35. Ng6 Rxe3 36. Qxe3 Qd6 37. Ne7+ Kh8 38. Qe4 Bc3 39. Re3 Qf6 40.
Qc2 Bb4 41. Qe2 g4 42. Nxc8 gxf3 43. Rxf3 Qg7 44. Qe6 Bf8 45. g4 Qa1+ 46. Kg2
Bg7 47. Qe7 1-0

[Event "?"]
[Site "?"]
[Date "????.??.??"]
[Round "?"]
[White "Bautista Sanchez, J."]
[Black "Uhlmann, W."]
[Result "0-1"]
[WhiteElo "2234"]
[BlackElo "2420"]
[PlyCount "136"]

1. c4 Nf6 2. Nf3 g6 3. g3 c5 4. Nc3 Nc6 5. Bg2 d6 6. d4 cxd4 7. Nxd4 Bd7 8. e3
Bg7 9. b3 O-O 10. Bb2 Qc8 11. Nd5 Nxd5 12. cxd5 Nxd4 13. Bxd4 Bxd4 14. Qxd4 Qc7
15. O-O Rfc8 16. Rfd1 Qc3 17. Be4 Rc5 18. Qxc3 Rxc3 19. Rac1 Rac8 20. Rxc3 Rxc3
21. Rd2 Rc1+ 22. Kg2 Bb5 23. h4 f5 24. Bc2 Kf7 25. h5 Kf6 26. hxg6 hxg6 27. e4
Bf1+ 28. Kf3 fxe4+ 29. Bxe4 Rc3+ 30. Kg4 Bb5 31. f4 Re3 32. Bg2 Bd3 33. Kh4 b5
34. Bh3 b4 35. Bg4 a5 36. Bd1 Be4 37. Bc2 Bxc2 38. Rxc2 Rd3 39. Kg4 Rxd5 40.
Re2 Rd3 41. Kh4 e6 42. Rc2 Rc3 43. Rd2 d5 44. Kg4 Re3 45. Rc2 Rc3 46. Rd2 Rc5
47. Re2 d4 48. Rd2 e5 49. Kf3 Rc3+ 50. Ke4 Re3+ 51. Kd5 d3 52. fxe5+ Rxe5+ 53.
Kd4 Re2 54. Rxd3 Rxa2 55. Ke4 Ke6 56. g4 Rc2 57. Rd8 Kf6 58. Rd5 Re2+ 59. Kf4
Rf2+ 60. Ke4 g5 61. Rxa5 Rf4+ 62. Ke3 Rxg4 63. Kf2 Rf4+ 64. Kg3 Rd4 65. Rb5 Kg6
66. Kf2 Kh5 67. Kg2 Kg4 68. Kf2 Kf4 0-1

[Event "?"]
[Site "?"]
[Date "????.??.??"]
[Round "?"]
[White "Hecht, H."]
[Black "Anguera Maestro, J."]
[Result "1-0"]
[WhiteElo "2397"]
[BlackElo "2220"]
[PlyCount "105"]

1. d4 d5 2. c4 e6 3. Nc3 Nf6 4. Bg5 Be7 5. e3 Ne4 6. Bxe7 Qxe7 7. Qc2 Nxc3 8.
Qxc3 c6 9. Nf3 Nd7 10. Bd3 dxc4 11. Bxc4 Nb6 12. Bd3 Nd5 13. Qc1 Qb4+ 14. Ke2
Qe7 15. Rd1 O-O 16. Kf1 f5 17. Kg1 Bd7 18. Re1 Be8 19. Bc4 Nf6 20. Ne5 Nd7 21.
Nxd7 Qxd7 22. Qc3 Bg6 23. b4 Rac8 24. Rac1 Rfe8 25. Bb3 Kh8 26. Qc5 a6 27. Qe5
Qc7 28. Rc5 Qxe5 29. Rxe5 Bf7 30. h3 g6 31. g4 Kg7 32. f4 Rcd8 33. Kf2 Rd6 34.
Rg1 Kf6 35. h4 h5 36. gxh5 gxh5 37. Rg5 b6 38. Bd1 Rh8 39. Bf3 Bg6 40. a3 Rh7
41. Ke2 Rh8 42. Kd3 Rh7 43. Kc4 Be8 44. a4 Rd5 45. e4 fxe4 46. Bxe4 Rhd7 47.
Bxd5 cxd5+ 48. Kb3 Bf7 49. f5 Rd6 50. fxe6 Rxe6 51. Rxe6+ Kxe6 52. a5 b5 53.
Kc3 1-0

[Event "?"]
[Site "?"]
[Date "????.??.??"]
[Round "?"]
[White "Coll, E."]
[Black "Klundt, K."]
[Result "0-1"]
[WhiteElo "2171"]
[BlackElo "2381"]
[PlyCount "54"]

1. e4 Nf6 2. e5 Nd5 3. c4 Nb6 4. d4 d6 5. exd6 exd6 6. Bd3 Be7 7. Nc3 Nc6 8.
Be3 Bf6 9. Nge2 Bg4 10. Qb3 O-O 11. O-O Re8 12. Rad1 a5 13. a3 a4 14. Qc2 Na5
15. Nd5 Nxd5 16. cxd5 Nb3 17. Bxh7+ Kh8 18. Bf5 Bxf5 19. Qxf5 Kg8 20. Ng3 g6
21. Qf3 Bg7 22. Ne4 Qe7 23. Ng5 Nxd4 24. Qh3 Nf5 25. Bd2 Qe2 26. Nf3 Bxb2 27.
Rfe1 Qc4 {Rest nicht nachvollziehbar} 0-1

[Event "?"]
[Site "?"]
[Date "????.??.??"]
[Round "?"]
[White "Rotstein, J."]
[Black "Westerinen, H."]
[Result "0-1"]
[WhiteElo "2410"]
[BlackElo "2382"]
[PlyCount "78"]
[EventDate "2006.02.24"]

1. d4 Nf6 2. c4 g6 3. Nc3 Bg7 4. e4 d6 5. f4 O-O 6. Nf3 c5 7. dxc5 Qa5 8. Bd2
Qxc5 9. Qc1 Nc6 10. Be2 Bg4 11. Be3 Qa5 12. O-O e5 13. f5 gxf5 14. exf5 Bxf5
15. Nh4 Bg6 16. Nf5 Bxf5 17. Rxf5 Ne7 18. Rf2 Ne8 19. Bh6 f5 20. Qg5 Qd8 21.
Raf1 Rf6 22. Bxg7 Rg6 23. Qd2 Nxg7 24. h4 Kh8 25. h5 Rg3 26. Bf3 Qb6 27. Kh2 f4
28. Ne4 Ngf5 29. Re2 Rag8 30. Rd1 Nd4 31. Nxg3 fxg3+ 32. Kh3 Nef5 33. Bd5 Qd8
34. Re4 Rg5 35. Bf7 Rg7 36. Rf1 Qd7 37. Bg6 hxg6 38. h6 Rh7 39. Rg4 Rxh6+ 0-1

[Event "?"]
[Site "?"]
[Date "????.??.??"]
[Round "?"]
[White "Sorri, K-J."]
[Black "Khanukov, B."]
[Result "0-1"]
[WhiteElo "2286"]
[BlackElo "2358"]
[PlyCount "124"]
[EventDate "2006.02.24"]

1. d4 Nf6 2. Nf3 e6 3. g3 c5 4. Bg2 cxd4 5. Nxd4 d5 6. O-O Bc5 7. b3 e5 8. Nf3
Nc6 9. Bb2 Qe7 10. Nc3 e4 11. Ne1 Be6 12. Nb5 O-O 13. Nd4 Nxd4 14. Bxd4 Rac8
15. h3 a5 16. Kh2 b5 17. f4 b4 18. Qd2 Bd7 19. e3 Bxd4 20. Qxd4 Rc3 21. a3 Rfc8
22. axb4 axb4 23. Rf2 Qc5 24. Bf1 Rxe3 25. Qxc5 Rxc5 26. Re2 Rec3 27. Rd2 h5
28. Ra8+ Kh7 29. Rb8 h4 30. gxh4 Nh5 31. Rxb4 Re3 32. Re2 Rxe2+ 33. Bxe2 Nxf4
34. Bg4 f5 35. Bd1 Rc3 36. Nf3 Ne6 37. Ne5 Bc6 38. Rb6 Nd4 39. Bh5 Rxc2+ 40.
Kg3 g6 41. Bxg6+ Kg7 42. Nxc6 Ne2+ 43. Kf2 Nf4+ 44. Ke3 Nxg6 45. h5 f4+ 46. Kd4
Rd2+ 47. Kc5 Nf8 48. Ne5 e3 49. Rb7+ Kh6 50. Re7 Kxh5 51. Nf3 Rf2 52. Nd4 Ng6
53. Re8 Nh4 54. Rf8 Ng2 55. Re8 f3 56. b4 Rf1 57. b5 f2 58. Rf8 Rc1+ 59. Kd6
f1=Q 60. Rxf1 Rxf1 61. b6 Rb1 62. Kc7 Nf4 0-1

[Event "?"]
[Site "?"]
[Date "????.??.??"]
[Round "?"]
[White "Bakhmatov, E."]
[Black "Kanko, I."]
[Result "1-0"]
[WhiteElo "2390"]
[BlackElo "2227"]
[PlyCount "75"]

1. e4 c5 2. Nf3 e6 3. d3 Nc6 4. g3 g6 5. Bg2 Bg7 6. O-O Nge7 7. Re1 d6 8. c3
O-O 9. Na3 h6 10. Nc2 Bd7 11. Be3 Kh7 12. Qd2 Rc8 13. d4 cxd4 14. Ncxd4 Na5 15.
b3 d5 16. e5 b6 17. h4 Nac6 18. Bf4 Nxd4 19. Nxd4 b5 20. Bf1 Qb6 21. Bd3 Nf5
22. h5 Nxd4 23. cxd4 b4 24. Rad1 Rc3 25. Bb1 Be8 26. Kg2 f5 27. exf6 Rxf6 28.
Rh1 Kg8 29. Be5 Rf8 30. hxg6 Rcf3 31. Bf4 R3xf4 32. gxf4 Rf6 33. Kf3 Bxg6 34.
Bxg6 Rxg6 35. Rhg1 Rf6 36. Rc1 Kf7 37. Qc2 Bf8 38. Qh7+ 1-0

[Event "?"]
[Site "?"]
[Date "????.??.??"]
[Round "?"]
[White "Hurme, H."]
[Black "Ljuboschitz, A."]
[Result "1-0"]
[WhiteElo "2210"]
[BlackElo "2220"]
[PlyCount "79"]

1. d4 Nf6 2. c4 g6 3. Nc3 Bg7 4. e4 d6 5. Nge2 O-O 6. Ng3 c5 7. d5 e6 8. Be2
exd5 9. exd5 Re8 10. Bf4 h5 11. O-O h4 12. Nh1 Ne4 13. Nxe4 Rxe4 14. Qd2 Qf6
15. Bg5 Qxb2 16. Qxb2 Bxb2 17. Bd3 Rg4 18. Rae1 Nd7 19. f4 Bd4+ 20. Nf2 Rxg5
21. Re8+ Kg7 22. fxg5 Ne5 23. Be2 b5 24. Kh1 Bxf2 25. Rxf2 bxc4 26. Kg1 Bb7 27.
Rxa8 Bxa8 28. Rf6 c3 29. Bd1 Bxd5 30. Rxd6 Bxa2 31. Bc2 c4 32. Rd5 Nc6 33. Be4
Bb3 34. Kf2 Nb4 35. Rd7 c2 36. Bxc2 Bxc2 37. Rxa7 Bf5 38. Ra4 Nd3+ 39. Ke3 Ne5
40. Kd4 1-0

[Event "?"]
[Site "?"]
[Date "????.??.??"]
[Round "?"]
[White "Erenska-Barlo, H."]
[Black "Vucenovic, D."]
[Result "1-0"]
[WhiteElo "2291"]
[BlackElo "2307"]
[PlyCount "107"]

1. e4 c5 2. c3 d5 3. exd5 Qxd5 4. Nf3 e6 5. d4 Nc6 6. Be3 cxd4 7. cxd4 Nf6 8.
a3 Qd8 9. Nc3 a6 10. Bd3 Bd7 11. Qe2 Be7 12. O-O Qc7 13. Rac1 O-O 14. Rfd1 Rfe8
15. Bg5 Rad8 16. Bb1 Bc8 17. Ne4 Nxe4 18. Qxe4 f5 19. Qe3 Bxg5 20. Qxg5 Qe7 21.
Qe3 Rd6 22. Ba2 Qd7 23. h3 h6 24. b4 Kh7 25. Bb3 b6 26. Ne5 Nxe5 27. dxe5 Rxd1+
28. Rxd1 Qc7 29. Rd6 b5 30. Qd2 Qe7 31. Kf1 Qh4 32. Rd4 Qe7 33. Ke1 Rf8 34. f3
Re8 35. Kd1 Rf8 36. Rd6 Qa7 37. Kc2 Qe7 38. Kb2 Re8 39. f4 Rf8 40. g3 Kh8 41.
Bd1 g5 42. Bf3 Rg8 43. Bc6 gxf4 44. Qxf4 Qg5 45. h4 Qxf4 46. gxf4 Kg7 47. Kc3
Kf7 48. Kd4 Rg4 49. Rd8 Rxf4+ 50. Ke3 Rc4 51. Rxc8 Rc3+ 52. Kd2 Rxa3 53. Rc7+
Kg8 54. Bd7 1-0

[Event "?"]
[Site "?"]
[Date "????.??.??"]
[Round "?"]
[White "Karl, H."]
[Black "Brameyer, H."]
[Result "0-1"]
[WhiteElo "2244"]
[BlackElo "2242"]
[PlyCount "135"]
[EventDate "2006.02.24"]

1. d4 f5 2. g3 Nf6 3. Bg2 g6 4. c4 Bg7 5. Nc3 O-O 6. Nf3 d6 7. O-O c6 8. Qc2
Qe8 9. b3 Na6 10. Bb2 h6 11. Rad1 g5 12. e4 Nb4 13. Qe2 fxe4 14. Nxe4 Nxe4 15.
Qxe4 Nxa2 16. Rde1 Nb4 17. Qxe7 Qxe7 18. Rxe7 Bf6 19. Re3 Bf5 20. Rd1 g4 21.
Nh4 Bc2 22. Rde1 Nd3 23. R1e2 Bd1 24. Rxd3 Bxe2 25. Re3 Rfe8 26. Nf5 Rxe3 27.
fxe3 Rd8 28. Nxh6+ Kf8 29. Nf5 Bd1 30. b4 d5 31. c5 Bg5 32. Bc1 Rd7 33. h4 gxh3
34. Bxh3 Rh7 35. Bg2 Bc2 36. Nd6 Bd1 37. Bd2 Bg4 38. Kf2 Rd7 39. Be1 b6 40. Bc3
bxc5 41. dxc5 Re7 42. Bd4 Rh7 43. Kg1 Be6 44. Kf2 a5 45. bxa5 Ra7 46. e4 Rxa5
47. exd5 Ra2+ 48. Kf1 cxd5 49. Nb5 Bd8 50. Be5 Ra5 51. Nd4 Kf7 52. Nc6 Ra8 53.
Nxd8+ Rxd8 54. Ke2 Ra8 55. Bf3 Ke7 56. Ke3 Kd7 57. Bd6 Kc6 58. g4 Ra4 59. g5
Bg4 60. Bg2 Bh5 61. Bf1 Re4+ 62. Kd3 Rg4 63. Be7 Bg6+ 64. Kc3 d4+ 65. Kd2 Be4
66. Bc4 Rg2+ 67. Ke1 d3 68. Bb3 0-1

[Event "?"]
[Site "?"]
[Date "????.??.??"]
[Round "?"]
[White "Lieb, H."]
[Black "Hohler, P."]
[Result "1/2-1/2"]
[WhiteElo "2242"]
[BlackElo "2183"]
[PlyCount "100"]

1. d4 Nf6 2. g3 d5 3. Bg2 c6 4. Nf3 Bf5 5. O-O h6 6. b3 e6 7. Bb2 Nbd7 8. c4
Be7 9. Nc3 Ne4 10. Nd2 Nxc3 11. Bxc3 O-O 12. e4 dxe4 13. g4 Bh7 14. Nxe4 f5 15.
Ng3 f4 16. Ne4 Qe8 17. Qe2 Qf7 18. Nd2 Rae8 19. Nf3 Bd6 20. Rae1 Qg6 21. h3 a6
22. Qb2 Qf7 23. Rd1 Nf6 24. Rfe1 Ne4 25. Ne5 Bxe5 26. Bxe4 Bxe4 27. Rxe4 Bd6
28. f3 h5 29. Rde1 Re7 30. b4 b5 31. Qe2 Rfe8 32. a4 Qf6 33. axb5 axb5 34. cxb5
cxb5 35. Qxb5 Qh4 36. Qf1 Rc8 37. Bd2 Rb7 38. Rb1 Bxb4 39. Bxf4 Qe7 40. gxh5
Rc2 41. Re2 Rxe2 42. Qxe2 Qf6 43. Qe4 Rf7 44. Rxb4 Qxf4 45. Qxf4 Rxf4 46. Kf2
Rh4 47. Kg3 Rxh5 48. Rb8+ Kf7 49. Rb7+ Kf6 50. Rd7 Rg5+ 1/2-1/2

[Event "?"]
[Site "?"]
[Date "????.??.??"]
[Round "?"]
[White "Murey, J."]
[Black "Schmidt, G."]
[Result "1-0"]
[WhiteElo "2472"]
[BlackElo "2238"]
[PlyCount "51"]

1. c4 e6 2. g3 Nf6 3. Bg2 d5 4. Nf3 c6 5. b3 Nbd7 6. Bb2 b5 7. O-O Be7 8. d3
O-O 9. Nbd2 Qa5 10. Qc2 Bb7 11. e4 bxc4 12. bxc4 dxe4 13. dxe4 Nc5 14. Rab1 Ba6
15. Nd4 Bb7 16. e5 Nfd7 17. Nxc6 Bxc6 18. Bxc6 Rac8 19. Bg2 Na4 20. Bd4 Ndb6
21. Nb3 Qa6 22. c5 Rc7 23. Rfc1 Rfc8 24. Qd1 Nd5 25. Bf1 Qc6 26. Na5 1-0

[Event "?"]
[Site "?"]
[Date "????.??.??"]
[Round "?"]
[White "Rodkin, R."]
[Black "Petzold, H."]
[Result "1-0"]
[WhiteElo "2233"]
[BlackElo "2151"]
[PlyCount "90"]

1. c4 e5 2. Nf3 Nc6 3. g3 f5 4. b3 g6 5. Bb2 Bg7 6. Nc3 d6 7. d3 Nf6 8. Bg2 O-O
9. O-O h6 10. Ne1 Be6 11. Nc2 Qd7 12. b4 Rae8 13. b5 Nd8 14. e3 Kh7 15. f4 e4
16. Re1 exd3 17. Qxd3 Qf7 18. Na3 Nd7 19. Rac1 Nc5 20. Qe2 c6 21. Rcd1 Qc7 22.
Ncb1 Ne4 23. Bxg7 Kxg7 24. Qb2+ Kh7 25. bxc6 bxc6 26. Qd4 Nf7 27. Bxe4 fxe4 28.
Nc3 Bg4 29. Nxe4 Rxe4 30. Qxe4 Bxd1 31. Rxd1 Qa5 32. Nc2 Qa4 33. f5 gxf5 34.
Qxf5+ Kg7 35. Rf1 Qxc4 36. Nd4 Re8 37. Qf6+ Kf8 38. Qxd6+ Kg8 39. Qg6+ Kf8 40.
Qxh6+ Kg8 41. Qg6+ Kf8 42. Qxc6 Qxa2 43. Nf5 Re6 44. Qc8+ Re8 45. Qc3 Rd8 1-0

[Event "?"]
[Site "?"]
[Date "????.??.??"]
[Round "?"]
[White "Kahn, M."]
[Black "Kaminik, A."]
[Result "0-1"]
[WhiteElo "2151"]
[BlackElo "2239"]
[PlyCount "54"]
[EventDate "2006.02.24"]

1. d4 Nf6 2. c4 g6 3. Nc3 Bg7 4. Bg5 d6 5. e3 O-O 6. Be2 Nbd7 7. Nf3 h6 8. Bh4
g5 9. Bg3 Nh5 10. Qc2 Nxg3 11. hxg3 e5 12. dxe5 dxe5 13. O-O-O f5 14. e4 f4 15.
gxf4 Rxf4 16. Nd5 Rf7 17. Ne3 Qf8 18. Nf5 Nc5 19. Nxg7 Kxg7 20. Nxe5 Rxf2 21.
Rhf1 Qf4+ 22. Kb1 Rxf1 23. Rxf1 Qxe5 24. b4 Nxe4 25. Bd3 Nc3+ 26. Kc1 Bd7 27.
Kd2 Na4 0-1

[Event "?"]
[Site "?"]
[Date "????.??.??"]
[Round "?"]
[White "Braun, G."]
[Black "Hottes, D."]
[Result "1/2-1/2"]
[WhiteElo "2314"]
[BlackElo "2185"]
[PlyCount "95"]

1. e4 c5 2. c3 b6 3. d4 Bb7 4. Bd3 Nf6 5. Nd2 cxd4 6. cxd4 Nc6 7. Ne2 Nb4 8.
Bb1 Ba6 9. Nf3 Rc8 10. Nc3 e6 11. a3 Nc6 12. Bg5 h6 13. Bh4 Be7 14. Bd3 Bxd3
15. Qxd3 O-O 16. O-O Na5 17. Nd2 d5 18. e5 Ne8 19. Bxe7 Qxe7 20. f4 f5 21. exf6
Qxf6 22. f5 Nd6 23. fxe6 Qxe6 24. Nf3 Ne4 25. Rfe1 Rce8 26. Re2 Qc6 27. Rc1
Nxc3 28. Rxc3 Qd6 29. Rxe8 Rxe8 30. Ne5 Qe6 31. b4 Nc4 32. Nf3 b5 33. Kf2 g5
34. h3 Kg7 35. Qd1 Qe4 36. Kg1 Qe2 37. Qxe2 Rxe2 38. Ne5 Ra2 39. Nc6 a6 40. Nb8
Rxa3 41. Rxa3 Nxa3 42. Nxa6 Nc2 43. Nc7 Nxd4 44. Nxd5 Kf7 45. Kf2 Ke6 46. Nc3
Ke5 47. Ke3 Nc2+ 48. Kf3 1/2-1/2

[Event "?"]
[Site "?"]
[Date "????.??.??"]
[Round "?"]
[White "Schmid, H."]
[Black "Boehlig, H."]
[Result "0-1"]
[WhiteElo "2221"]
[BlackElo "2238"]
[PlyCount "66"]

1. e4 c5 2. Nf3 e6 3. d4 cxd4 4. Nxd4 a6 5. Nc3 Qc7 6. g3 Nf6 7. Bg2 d6 8. O-O
Be7 9. Be3 O-O 10. h3 Nc6 11. Qd2 Bd7 12. f4 Rac8 13. Nb3 b5 14. a3 b4 15. axb4
Nxb4 16. Rfc1 Bc6 17. Qf2 Qb8 18. Na5 Ba8 19. Qe2 Bd8 20. Kh2 d5 21. e5 Nd7 22.
Nb3 Bb6 23. Ra4 Bxe3 24. Qxe3 Nxc2 25. Qd3 Qxb3 26. Qxc2 Qb6 27. Rca1 Nc5 28.
R4a3 d4 29. Bxa8 Rxa8 30. Nd1 Rfd8 31. Nf2 d3 32. Nxd3 Nxd3 33. Rxd3 Rxd3 0-1

[Event "?"]
[Site "?"]
[Date "????.??.??"]
[Round "?"]
[White "Weber, B."]
[Black "Gabriel, J."]
[Result "0-1"]
[WhiteElo "2134"]
[BlackElo "2200"]
[PlyCount "80"]
[EventDate "2006.02.24"]

1. d4 g6 2. e4 Bg7 3. c4 d6 4. Nc3 Nf6 5. Be2 O-O 6. Nf3 Nc6 7. d5 Nb8 8. O-O
Nbd7 9. Qc2 a5 10. Be3 c6 11. Rad1 Qc7 12. Ne1 cxd5 13. cxd5 a4 14. Rc1 a3 15.
b3 Qa5 16. Nd3 b5 17. b4 Qc7 18. Qb3 Qb8 19. f3 Nb6 20. Ne1 Bd7 21. Nc2 Nc4 22.
Nb1 Nxe3 23. Qxe3 Nh5 24. g4 Nf6 25. Ncxa3 h5 26. h3 e5 27. Kh2 Ra4 28. Qb3 Bh6
29. Rcd1 Bf4+ 30. Kg2 Qa7 31. Nc2 Rc8 32. a3 Qc7 33. Ne1 Qb6 34. Rd3 Kg7 35.
Rh1 Rca8 36. Rd1 Rh8 37. Nd3 Qe3 38. Qb2 hxg4 39. hxg4 Nxe4 40. Rde1 Bxg4 0-1

[Event "?"]
[Site "?"]
[Date "????.??.??"]
[Round "?"]
[White "Jansson, B."]
[Black "Staller, P."]
[Result "1/2-1/2"]
[WhiteElo "2349"]
[BlackElo "2243"]
[PlyCount "32"]
[EventDate "2006.02.24"]

1. e4 e6 2. d4 d5 3. Nc3 Nf6 4. e5 Nfd7 5. Nce2 c5 6. c3 Nc6 7. f4 b5 8. Nf3
Rb8 9. Ng3 g6 10. Be2 c4 11. h4 h5 12. Ng5 Be7 13. f5 exf5 14. e6 fxe6 15. Nxe6
Qb6 16. Nxf5 Nf6 1/2-1/2

[Event "?"]
[Site "?"]
[Date "????.??.??"]
[Round "?"]
[White "Zunker, R."]
[Black "Malmdin, N-A."]
[Result "1-0"]
[WhiteElo "2190"]
[BlackElo "2245"]
[PlyCount "141"]
[EventDate "2006.02.24"]

1. e4 d5 2. exd5 Nf6 3. Nf3 Nxd5 4. d4 g6 5. c4 Nb6 6. Nc3 Bg7 7. Be3 Bg4 8.
Rc1 O-O 9. Be2 Nc6 10. b3 e6 11. O-O Ne7 12. h3 Bxf3 13. Bxf3 c6 14. g4 f5 15.
Bg5 h6 16. Bxe7 Qxe7 17. Re1 Qf6 18. Qe2 Rae8 19. Rcd1 Qh4 20. Qf1 e5 21. dxe5
Bxe5 22. Rd3 fxg4 23. Bxg4 h5 24. Bf3 Qf4 25. Qg2 Qh2+ 26. Kf1 Qxg2+ 27. Kxg2
Bxc3 28. Rxe8 Rxe8 29. Rxc3 Nd7 30. b4 Kf7 31. b5 Ne5 32. Ra3 Ra8 33. bxc6 bxc6
34. Ra6 Nxf3 35. Kxf3 c5 36. Rc6 Rb8 37. Rxc5 Rb7 38. Kf4 Ke7 39. a4 Rd7 40. f3
Rb7 41. a5 Rd7 42. Ke4 Kf6 43. h4 Rd6 44. Rd5 Rc6 45. Kd4 Ke7 46. Rb5 Ke6 47.
Re5+ Kd7 48. f4 Rf6 49. Ke4 Rc6 50. c5 Rf6 51. f5 gxf5+ 52. Rxf5 Rh6 53. Kd5
Rh7 54. a6 Kc7 55. Rf6 Rd7+ 56. Kc4 Rg7 57. Kb5 Rh7 58. Rf8 Re7 59. Rh8 Re5 60.
Ra8 Re4 61. Rxa7+ Kb8 62. Rh7 Rxh4 63. c6 Rh1 64. a7+ Ka8 65. c7 Rb1+ 66. Kc6
Rc1+ 67. Kd7 Rd1+ 68. Ke8 Rc1 69. Kd8 Rd1+ 70. Rd7 Rc1 71. c8=Q+ 1-0

[Event "?"]
[Site "?"]
[Date "????.??.??"]
[Round "?"]
[White "Halleroed, R."]
[Black "Escher, H."]
[Result "1/2-1/2"]
[WhiteElo "2171"]
[BlackElo "2084"]
[PlyCount "118"]

1. d4 Nf6 2. c4 g6 3. Nc3 d5 4. Bf4 Bg7 5. Qb3 c6 6. e3 O-O 7. Nf3 e6 8. Be2
dxc4 9. Qxc4 Nd5 10. Bg3 Nxc3 11. bxc3 Qd5 12. O-O b6 13. Qa4 Bb7 14. Ne5 b5
15. Qc2 Bxe5 16. Bxe5 a6 17. c4 Qd8 18. c5 a5 19. Bd6 Re8 20. a3 Nd7 21. f4 f5
22. g4 Nf6 23. g5 Ne4 24. Be5 Ba6 25. Kg2 Qd5 26. Bf3 b4 27. Rfb1 Bb5 28. h4
Qc4 29. Bxe4 fxe4 30. Qxe4 bxa3 31. h5 Qe2+ 32. Kg3 Bd3 33. Qxc6 Qxe3+ 34. Qf3
Qxf3+ 35. Kxf3 Bxb1 36. Rxb1 gxh5 37. Ra1 a4 38. Rxa3 Rec8 39. Ke4 Kf7 40. f5
Rd8 41. c6 exf5+ 42. Kxf5 h4 43. c7 Re8 44. d5 Ke7 45. Rh3 Rf8+ 46. Bf6+ Kd6
47. Rxh4 a3 48. Rxh7 a2 49. c8=Q Rfxc8 50. Rh1 Rf8 51. Ra1 Kxd5 52. Kg6 Rfb8
53. Kf5 Rb1 54. g6 Rxa1 55. Bxa1 Rf8+ 56. Kg5 Rf1 57. g7 Kd6 58. Bd4 a1=Q 59.
Bxa1 Rxa1 1/2-1/2

[Event "?"]
[Site "?"]
[Date "????.??.??"]
[Round "?"]
[White "Bomert, E."]
[Black "Akvist, H."]
[Result "1-0"]
[WhiteElo "2172"]
[BlackElo "2230"]
[PlyCount "81"]
[EventDate "2006.02.24"]

1. e4 e6 2. d4 d5 3. Nd2 Nf6 4. Bd3 c5 5. e5 Nfd7 6. c3 Nc6 7. Ne2 Qb6 8. Nf3
cxd4 9. cxd4 Be7 10. O-O f6 11. Nf4 Nb4 12. exf6 Nxf6 13. Bb1 O-O 14. Ng5 Bd6
15. Nh5 h6 16. Nxf6+ Rxf6 17. Nf3 Bd7 18. a3 Nc6 19. Qd3 Raf8 20. Re1 Be8 21.
Qh7+ Kf7 22. Bxh6 Bxh2+ 23. Kh1 Rxh6 24. Ng5+ Ke7 25. Qxg7+ Bf7 26. Qxh6 Bf4
27. Rxe6+ Bxe6 28. Qxe6+ Kd8 29. Qxd5+ Kc8 30. Bf5+ Kb8 31. Ne6 Ne7 32. Qd7
Rh8+ 33. Bh3 Bd6 34. b4 a6 35. Nc5 Ka7 36. Re1 Rd8 37. Qe6 Nc6 38. Qf6 Rf8 39.
Qxd6 Rxf2 40. Ne4 Rf7 41. Qc5 1-0

[Event "?"]
[Site "?"]
[Date "????.??.??"]
[Round "?"]
[White "Clemens, C."]
[Black "Johannessen, S."]
[Result "0-1"]
[WhiteElo "2295"]
[BlackElo "2252"]
[PlyCount "82"]

1. g3 c5 2. Bg2 Nc6 3. e4 g6 4. d3 Bg7 5. c3 d6 6. Be3 h5 7. h3 h4 8. g4 e5 9.
Nf3 f5 10. gxf5 gxf5 11. exf5 Bxf5 12. Bg5 Bf6 13. Nxh4 Be6 14. Bxf6 Nxf6 15.
Nf3 Nh5 16. h4 Nf4 17. Bf1 Qf6 18. Ng5 Bf5 19. Nd2 O-O-O 20. Qf3 Rdf8 21. O-O-O
Kb8 22. Nc4 Qe7 23. a3 Bg6 24. Qg3 d5 25. Nd2 b5 26. Rg1 b4 27. axb4 cxb4 28.
Nb1 bxc3 29. bxc3 Qc5 30. Nh3 Bh5 31. Rd2 Ka8 32. Nxf4 Rxf4 33. Rb2 Rc8 34. Qg7
Rb4 35. Rxb4 Nxb4 36. Qxe5 Qxf2 37. Nd2 Rxc3+ 38. Kb1 Rb3+ 39. Kc1 Qc5+ 40. Nc4
Qxg1 41. Qh8+ Kb7 0-1

[Event "?"]
[Site "?"]
[Date "????.??.??"]
[Round "?"]
[White "Hoen, R."]
[Black "Dornieden, M."]
[Result "1-0"]
[WhiteElo "2280"]
[BlackElo "2284"]
[PlyCount "95"]
[EventDate "2006.02.24"]

1. e4 g6 2. d4 Bg7 3. Nc3 c6 4. Nf3 d5 5. exd5 cxd5 6. Bb5+ Nc6 7. h3 Nf6 8.
O-O O-O 9. Re1 Bf5 10. Bd3 Bxd3 11. Qxd3 e6 12. Bf4 a6 13. Qd2 b5 14. Ne5 Nxe5
15. Bxe5 Rc8 16. a3 Qb6 17. Qd3 Qc6 18. Qf3 Ne4 19. Bxg7 Kxg7 20. Nxe4 dxe4 21.
Rxe4 f5 22. Re2 Qxf3 23. gxf3 Rc6 24. c3 Kf6 25. f4 Rb8 26. Kg2 h6 27. Rd1 Rd6
28. Re5 Rbb6 29. h4 Rb8 30. Kf3 Rbd8 31. Rde1 Rc8 32. Ke3 Rcc6 33. Kd3 Rd7 34.
Ke3 Rb6 35. Rc5 Rd5 36. b4 Rbd6 37. a4 bxa4 38. Ra1 Rxc5 39. dxc5 Rc6 40. Kd4
g5 41. hxg5+ hxg5 42. fxg5+ Kxg5 43. c4 Rc8 44. Rxa4 Kf4 45. b5 Rd8+ 46. Kc3
axb5 47. cxb5+ Ke5 48. f4+ 1-0

[Event "?"]
[Site "?"]
[Date "????.??.??"]
[Round "?"]
[White "Jentsch, D."]
[Black "Kristiansen, E."]
[Result "1/2-1/2"]
[WhiteElo "2196"]
[BlackElo "2232"]
[PlyCount "47"]

1. e4 e5 2. Nf3 Nc6 3. Bb5 a6 4. Ba4 Nf6 5. O-O Be7 6. Re1 b5 7. Bb3 O-O 8. a4
Bb7 9. axb5 axb5 10. Rxa8 Bxa8 11. Nc3 b4 12. Nd5 Nxd5 13. Bxd5 d6 14. c3 Bf6
15. Qa4 Qe8 16. Bxc6 Bxc6 17. Qxb4 Qa8 18. Qc4 d5 19. Qc5 Re8 20. exd5 Bxd5 21.
Qe3 Bc6 22. d3 h6 23. Bd2 Qa2 24. Bc1 1/2-1/2

[Event "?"]
[Site "?"]
[Date "????.??.??"]
[Round "?"]
[White "Ofstad, P."]
[Black "Durst, U."]
[Result "1/2-1/2"]
[WhiteElo "2173"]
[BlackElo "2130"]
[PlyCount "37"]
[EventDate "2006.02.24"]

1. e4 d6 2. d4 Nf6 3. Nc3 g6 4. Nf3 Bg7 5. Be2 c6 6. a4 Qc7 7. O-O O-O 8. h3
Nbd7 9. Be3 a6 10. Qd2 Re8 11. Rfe1 b6 12. Bh6 Bh8 13. Bc4 e6 14. Bf4 Bb7 15.
e5 dxe5 16. Nxe5 Nxe5 17. Bxe5 Qe7 18. Qe3 b5 19. Bb3 1/2-1/2

[Event "?"]
[Site "?"]
[Date "????.??.??"]
[Round "?"]
[White "Biebinger, G."]
[Black "Tchetchelnitski, B."]
[Result "1-0"]
[WhiteElo "2315"]
[BlackElo "2204"]
[PlyCount "108"]

1. Nf3 f5 2. g3 Nf6 3. Bg2 g6 4. b3 Bg7 5. Bb2 O-O 6. d4 e6 7. O-O a5 8. c4 d6
9. Nc3 Na6 10. Rc1 Rb8 11. Re1 Ng4 12. h3 Nh6 13. e4 Nf7 14. a3 Bd7 15. Qe2 c6
16. Rcd1 Nc7 17. e5 d5 18. Nd2 g5 19. c5 Nh8 20. Na4 Be8 21. Nb6 Ng6 22. a4 Na8
23. Bc3 h5 24. Bxa5 Qe7 25. Nf1 Nxb6 26. cxb6 g4 27. Qd2 c5 28. Bc3 f4 29. hxg4
Bh6 30. gxh5 fxg3 31. Qxh6 gxf2+ 32. Kh1 Qh4+ 33. Nh2 fxe1=Q+ 34. Bxe1 Qf4 35.
Bd2 Qxh6 36. Bxh6 Rf5 37. hxg6 Bxg6 38. dxc5 Rh5 39. Bf4 Bc2 40. Rg1 Kf7 41. a5
Bxb3 42. a6 bxa6 43. Rb1 Bc4 44. c6 Rhh8 45. b7 Bb5 46. Bxd5 Ke7 47. Bg5+ Kf7
48. Be4 Bxc6 49. Bxc6 Rh3 50. Rf1+ Kg6 51. Bd2 Rb3 52. Rf6+ Kg7 53. Be4 Rd8 54.
Nf3 Rd7 1-0